Responses for Show #8514 - Thursday, November 18, 2021

Amy Schneider game 2.

Contestants

[<< previous game]

Taylor Mills, a development finance manager originally from Mansfield, Texas

Bonnie Lapwood, a city planner from Atlanta, Georgia

Amy Schneider, an engineering manager from Oakland, California (whose 1-day cash winnings total $31,600)

[next game >>]

Jeopardy! Round responses

DANCE IN HISTORY
AMEND THE AMENDMENT
(Ken: We've changed one word of the Constitution; you need to fix it.)
A FAIR PIECE OF ENTERTAINMENT
OUT OF THE CRADLE
(Ken: All these responses will be made up of the letters in the words "the cradle".)
LOOKING FOR LUNCH
IN ALL THE WRONG PLACES
    $200 23
shooting at their feet

Amy
    $200 18
(Ken: It's right here on all the signs.)
[Laughter]

jeopardy

Amy
    $200 12
New York

Amy
    $200 14
a chat

Amy
    $200 30
a club sandwich

Bonnie
    $200 1
Jail

Taylor
    $400 29
dance marathons

Amy
    $400 19
assemble

Taylor
    $400 13
Freak Show

Bonnie
    $400 8
etch

Amy
    $400 7
frijoles

Amy
    $400 2
bankruptcy

Amy
    $600 28
the Navy

Taylor
    $600 20
trial

Amy
    $600 15
"Tunnel Of Love"

Triple Stumper
    $600 9
(Amy: What is, yeah, sand?)

talc

Amy
Triple Stumper
    $600 25
parmesan

Taylor
    $600 3
Sodom & Gomorrah

Amy
    $800 27
a cakewalk

Amy
    $800 21
(Taylor: What is punishment?)

punishments

Taylor
Triple Stumper
    $3,000 16
Scarborough Fair

Amy
    $800 10
a caret

Amy
    $800 24
wontons

Triple Stumper
    $800 4
the Canary Islands

Amy
    $1000 26
Aachen

Taylor
    $1000 22
poll

Bonnie
    $1000 17
Kurt Russell

Triple Stumper
    $1000 11
dearth

Amy
    $1000 6
gazpacho

Bonnie
    $1000 5
Bagram

Taylor

Scores at the first commercial break (after clue 15):

Amy Bonnie Taylor
$4,200 $1,400 $1,200

Scores at the end of the Jeopardy! Round:

Amy Bonnie Taylor
$9,400 $2,600 $3,000

Double Jeopardy! Round responses

OVERSEAS TERRITORIES
POETRY COLLECTIONS
"M"EDICINE
DESIGN & TYPOGRAPHY
TV HUSBANDS
EMBEDDED NUMERIC HOMOPHONES
(Ken: Each response will contain a homophone of one of the numbers from 1 to 10.)
    $400 26
a pine

Bonnie
    $400 22
Mars

Taylor
    $400 27
malaria

Taylor
    $400 25
pixels

Bonnie
    $400 28
Modern Family

Amy
    $400 30
1derful

Amy
    $800 20
Guam

Amy
    $800 21
Eliot

Bonnie
    $800 23
menopause

Amy
    $800 24
airbrush

Bonnie
    $800 15
(Ken: [*]'s Burgers, yep.)

Bob

Amy
    $800 29
a spi2n

Amy
    $1200 3
Denmark

Triple Stumper
    $1200 19
Ginsberg

Amy
    $1200 11
the meniscus

Taylor
    $1200 1
serif

Taylor
    $1200 5
Empire

Taylor
    $1200 8
(Taylor: What is lionine?)
[Taylor's response was accepted as correct and the decision was reversed when the Daily Double was uncovered.]

leo9

Taylor
Triple Stumper
    $1600 4
the Malvinas

Triple Stumper
    $2,000 13
(Taylor: What is The Queen?)

Sonnets from the Portuguese

Taylor
    $1600 2
muscular dystrophy

Triple Stumper
    $1600 16
thumbnail sketches

Amy
    $1600 6
NASA

Taylor
    $1600 9
peni10t

Amy
    $7,000 14
(Taylor: What is New Brunswick?)

New Caledonia

Taylor
    $2000 18
Leaves of Grass

Amy
    $2000 12
microdermabrasion

Taylor
    $2000 17
kerning

Amy
    $2000 7
Chris Noth

Triple Stumper
    $2000 10
ab8ment

Amy

Scores at the end of the Double Jeopardy! Round:

Amy Bonnie Taylor
$23,800 $5,000 $800
(lock game)

[wagering suggestions for these scores]

Final Jeopardy! Round responses

HISTORY
(Ken: [To Taylor] You didn't complete your response, so unfortunately, we can't accept that.)
...
(Ken: [To Bonnie] Well, it's a nice shoutout to Ron, I guess.)
[Laughter]
(Ken: Whoever he or she might be.)
...
(Ken: [To Amy] The [*] or [**] were fought between Rome and Carthage, which is now modern-day Tunis.)
TaylorWhat is the Carthaginia Wa
$798
BonnieWhat is Ron
$3,300
AmyWhat is the Third Punic War?
$10,000
the (Third) Punic War(s) (Carthaginian Wars)

Final scores:

Amy Bonnie Taylor
$33,800 $1,700 $2
2-day champion: $65,400 2nd place: $2,000 3rd place: $1,000

Game dynamics:

Coryat scores:

Amy Bonnie Taylor
$21,600 $5,000 $9,800
27 R
(including 1 DD),
1 W
8 R,
0 W
13 R,
4 W
(including 2 DDs)

Combined Coryat: $36,400

[game] [game scores] [suggest correction]

Game tape date: 2021-09-28
The J! Archive is created by fans, for fans. Scraping, republication, monetization, and malicious use prohibited; this site may use cookies and collect identifying information. See terms. The Jeopardy! game show and all elements thereof, including but not limited to copyright and trademark thereto, are the property of Jeopardy Productions, Inc. and are protected under law. This website is not affiliated with, sponsored by, or operated by Jeopardy Productions, Inc. Join the discussion at JBoard.tv.